| 000 | 01954cam a22002895a 4500 | ||
|---|---|---|---|
| 001 | L137942 | ||
| 008 | 070509e2007 xxk f w 000 0 eng d | ||
| 035 | _a(Sirsi) u137942 | ||
| 041 | 0 | _aeng | |
| 245 | 0 | 0 |
_aWembley National Stadium Ltd v Wembley (London) Ltd and another _h[electronic resource] |
| 260 | _c2007 | ||
| 520 | _a[2007] EWHC 756 (Ch), 4 April 2007. By a transfer and lease, the first defendant sold the old Wembley Stadium and leased certain parking, access and other rights over its retained land to the claimant. The consideration for the lease included payment of a service charge. The first defendant subsequently transferred the freehold of land over which it had demised rights by the lease to the second to fifth defendants. The first defendant sought payment by the fifth defendants of sums allegedly due under the lease in respect of the service charge. The fifth defendants disputed its liability to pay. "Held": At all times since the grant of the lease, the first defendant had been bound by the lessor's covenants and entitled to the benefit of the lessee's covenants under the lease. The original contractual entitlement of the first defendant was not discharged. | ||
| 590 | _aKA | ||
| 650 | 2 | 4 | _aWEMBLEY NATIONAL STADIUM LTD V WEMBLEY (LONDON) LTD |
| 650 | 2 | 4 | _aLANDLORD AND TENANT (COVENANTS) ACT 1995 |
| 650 | 2 | 4 | _aLAW OF PROPERTY ACT 1925 |
| 650 | 2 | 4 | _aSCRIBES WEST LTD V RESA ANSTALT |
| 650 | 2 | 4 | _aCLEVE HOUSE PROPERTIES V SCHILDOF |
| 650 | 2 | 4 | _aCAPITAL AND COUNTIES FREEHOLD EQUITY TRUST LTD V BL PLC |
| 650 | 2 | 4 | _aFINANCIAL SERVICES AUTHORITY V ROURKE |
| 650 | 2 | 4 | _aPLOUGH INVESTMENTS LTD V MANCHESTER CC |
| 650 | 2 | 4 | _aSCHALIT V JOSEPH NADLER |
| 651 | 4 |
_aEngland _y886- |
|
| 690 | _aPROPERTY-COMMERCIAL PROPERTY-COMMERCIAL LANDLORD AND TENANT-COMMERCIAL LEASES | ||
| 856 | 4 | 0 |
_uhttps://www.bailii.org/ew/cases/EWHC/Ch/2007/756.html _zView the item free of charge at www.bailii.org... |
| 942 | _n0 | ||
| 999 |
_c106944 _d106944 |
||